000 00268nam a22001217a 4500
008 181031b xxu||||| |||| 00| 0 eng d
041 _aeng
080 _a821
100 _a25
101 _aGJU
245 _aMasters Of Modern Drama
_cBlock.H.M
942 _2udc
_cBK
999 _c51360
_d51360